Made for This Lyrics Quiz - Statistics

General Stats
  • This quiz has been taken 15 times
  • The average score is 39 of 208
Answer Stats
Answer % Correct
I
100%
For
56%
I
56%
Live
56%
Made
56%
This
56%
Was
56%
A
44%
A
44%
Doubt
44%
For
44%
For
44%
God
44%
Gonna
44%
Has
44%
I'm
44%
It
44%
Life
44%
My
44%
Out
44%
Reason
44%
Reason
44%
Shout
44%
This
44%
Without
44%
A
33%
A
33%
All
33%
Alone
33%
Am
33%
And
33%
Born
33%
Built
33%
Built
33%
Built
33%
Everything
33%
Filled
33%
For
33%
For
33%
For
33%
For
33%
God
33%
He
33%
He
33%
He
33%
He
33%
He
33%
He
33%
I
33%
I
33%
Is
33%
Is
33%
Is
33%
Is
33%
Is
33%
It
33%
Made
33%
Me
33%
Me
33%
Me
33%
Me
33%
Me
33%
Mountains
33%
Not
33%
Oceans
33%
Purpose
33%
See
33%
The
33%
The
33%
There
33%
This
33%
Was
33%
We
33%
Who
33%
With
33%
With
33%
A
22%
A
22%
A
22%
And
22%
Born
22%
Built
22%
Doubt
22%
For
22%
For
22%
For
22%
For
22%
For
22%
God
22%
Gonna
22%
Has
22%
I
22%
I
22%
I
22%
I
22%
I
22%
I'm
22%
It
22%
Know
22%
Know
22%
Life
22%
Live
22%
Made
22%
My
22%
Out
22%
Purpose
22%
Reason
22%
Reason
22%
Shout
22%
That
22%
This
22%
This
22%
This
22%
Was
22%
Was
22%
Without
22%
Am
11%
For
11%
He
11%
He
11%
I
11%
Is
11%
Is
11%
Me
11%
Me
11%
With
11%
A
0%
A
0%
A
0%
Alone
0%
Alone
0%
Alone
0%
Am
0%
Am
0%
And
0%
Born
0%
Built
0%
Doubt
0%
For
0%
For
0%
For
0%
For
0%
For
0%
For
0%
For
0%
For
0%
God
0%
Gonna
0%
Has
0%
He
0%
He
0%
He
0%
He
0%
He
0%
He
0%
I
0%
I
0%
I
0%
I
0%
I
0%
I
0%
I
0%
I
0%
I
0%
I
0%
I
0%
I'm
0%
Is
0%
Is
0%
Is
0%
Is
0%
Is
0%
Is
0%
It
0%
Know
0%
Know
0%
Know
0%
Know
0%
Know
0%
Know
0%
Life
0%
Live
0%
Made
0%
Me
0%
Me
0%
Me
0%
Me
0%
Me
0%
Me
0%
My
0%
Not
0%
Not
0%
Not
0%
Out
0%
Purpose
0%
Reason
0%
Reason
0%
Shout
0%
That
0%
This
0%
This
0%
This
0%
Was
0%
Was
0%
With
0%
With
0%
With
0%
Without
0%
No matching quizzes found
Score Distribution
Percent of People with Each Score
Percentile by Number Answered
Your Score History
You have not taken this quiz